|
|
|
|
| LEADER |
01077nam a2200253 a 4500 |
| 001 |
007262546 |
| 003 |
BD-DhAAL |
| 005 |
20230705131834.0 |
| 008 |
110928s1995 bg 000 bben d |
| 040 |
|
|
|a Uk
|c Uk
|d BD-DhAAL
|
| 041 |
|
|
|a ben
|
| 082 |
0 |
4 |
|a 782.14092
|2 23
|
| 245 |
1 |
0 |
|a আব্বাসউদ্দীন /
|c সম্পাদনা, আল মাহমুদ.
|
| 246 |
|
|
|a Abbasuddin
|
| 260 |
|
|
|a ঢাকা :
|b বাংলাদেশ শিল্পকলা একাডেমী,
|c 1979.
|
| 300 |
|
|
|a ১৭১ পৃষ্ঠা ;
|c ২২ সে.মি.
|
| 600 |
1 |
0 |
|a Ahamad, Abbasuddin,.
|d 1901-1959.
|9 54839
|
| 650 |
|
0 |
|a Folk singers
|z Bangladesh
|v Biography.
|9 54840
|
| 650 |
|
0 |
|a Lyricists
|z Bangladesh
|v Biography.
|9 54861
|
| 700 |
1 |
|
|a মাহমুদ, আল,
|d 1936-.
|9 53565
|
| 852 |
1 |
|
|a Ayesha Abed Library
|c General Shelf.
|
| 942 |
|
|
|2 ddc
|c BK
|
| 999 |
|
|
|c 11288
|d 11288
|
| 952 |
|
|
|0 0
|1 0
|2 ddc
|4 0
|6 782_140920000000000_ABB
|7 0
|9 18303
|a BIGD
|b BIGD
|c GEN
|d 2023-07-05
|l 0
|o 782.14092 ABB
|p 3050023459
|r 2011-10-02
|t 1
|w 2011-10-02
|y BK
|x Transferred from BDI to BIGD.
|